Estructura y función del cuerpo humano (Registro nro. 9080)
[ vista simple ]
| 000 -Cabecera | |
|---|---|
| Campo de control de longitud fija | 00988ntm a22003977a 4500 |
| 005 - Fecha y hora de la última transacción | |
| Campo de control | 20241129114051.0 |
| 008 - Elementos de longitud fija--Información general | |
| Campo de control de longitud fija | 170320b2012 SP ||||| |||| 00| 0 spa d |
| 020 ## - International Standard Book Number | |
| Número Internacional Estándar del Libro (ISBN) | 9788480869621 |
| 041 ## - Idioma | |
| Código de idioma | Español |
| 082 ## - Clasificación Decimal Dewey | |
| Número de clasificación | 612 T427e14 |
| 100 ## - Entrada principal--Autor personal | |
| Nombre personal | Thibodeau, Gary |
| 9 (RLIN) | 41333 |
| 100 ## - Entrada principal--Autor personal | |
| Nombre personal | Patton, Kevin |
| 9 (RLIN) | 41334 |
| 245 ## - Título propiamente dicho | |
| Título | Estructura y función del cuerpo humano |
| 250 ## - Edición | |
| Mención de edición | 14 edición |
| 260 ## - Pie de imprenta | |
| Lugar de publicación, distribución, etc. | España |
| 260 ## - Pie de imprenta | |
| Nombre del editor, distribuidor, etc. | Elsevier |
| 260 ## - Pie de imprenta | |
| Fecha de publicación, distribución, etc. | 2013 |
| 300 ## - Descripción física | |
| Extensión | 495 páginas |
| 300 ## - Descripción física | |
| Otras características físicas | Ilustraciones a color |
| 650 ## - Materia general | |
| Temática (materia general) | ANATOMÍA |
| 650 ## - Materia general | |
| Temática (materia general) | FISIOLOGÍA |
| 650 ## - Materia general | |
| Temática (materia general) | FUNCIÓN DEL CUERPO |
| 650 ## - Materia general | |
| Temática (materia general) | CÉLULAS |
| 650 ## - Materia general | |
| Temática (materia general) | TEJIDOS |
| 650 ## - Materia general | |
| Temática (materia general) | SISTEMA ESQUELETICO |
| 650 ## - Materia general | |
| Temática (materia general) | SISTEMA MUSCULAR |
| 650 ## - Materia general | |
| Temática (materia general) | SISTEMA NERVIOSO |
| 650 ## - Materia general | |
| Temática (materia general) | SISTEMA RESPIRATORIO |
| 650 ## - Materia general | |
| Temática (materia general) | SISTEMA CARDIOVASCULAR |
| 650 ## - Materia general | |
| Temática (materia general) | SANGRE |
| 650 ## - Materia general | |
| Temática (materia general) | NUTRICIÓN |
| 650 ## - Materia general | |
| Temática (materia general) | CRECIMIENTO Y DESARROLLO |
| 650 ## - Materia general | |
| Temática (materia general) | SENTIDOS |
| 942 ## - Punto de acceso adicional KOHA | |
| Tipo de ítem KOHA | Libro |
| Fuente del sistema de clasificación o colocación | Dewey Decimal Classification |
| Signatura completa | Código de barras | Programa Académico | Tipo de ítem |
|---|---|---|---|
| 612 T427e14 | 21769 | Mecánica Dental | Libro |